| 000 | 00764nam a2200229 4500 | ||
|---|---|---|---|
| 003 | OSt | ||
| 005 | 20221116155808.0 | ||
| 008 | 221111b |||||||| |||| 00| 0 eng d | ||
| 020 | _a84 7800 770 5 | ||
| 040 | _cBiblioteca Lado V | ||
| 082 |
_a708 _bP191e |
||
| 100 |
_ecurador _9436 _aPanera Cuevas, Javier |
||
| 245 | _aElena del Rivero/ | ||
| 260 |
_c2002 _aMadrid _bEdiciones Universidad de Salamanca |
||
| 300 |
_a160p. _c23x23cm |
||
| 650 |
_2Tesauro de Arte & Arquitectura _aARTE |
||
| 650 |
_2Tesauro de Arte & Arquitectura _aARTE |
||
| 650 |
_2Tesauro de Arte & Arquitectura _aEXHIBICION |
||
| 650 |
_2Tesauro de Arte & Arquitectura _aARTE ESPAÑOL |
||
| 650 | _2Tesauro de Arte & Arquitectura | ||
| 942 |
_2ddc _c1 _h708 _iP191e _n0 |
||
| 999 |
_c2654 _d2654 |
||